Naya Fi Mishwar = (Record no. 180522)
[ view plain ]
| 000 -LEADER | |
|---|---|
| fixed length control field | 01156nam a22003491i 4500 |
| 003 - CONTROL NUMBER IDENTIFIER | |
| control field | OSt |
| 005 - DATE AND TIME OF LATEST TRANSACTION | |
| control field | 20201215155943.0 |
| 008 - FIXED-LENGTH DATA ELEMENTS--GENERAL INFORMATION | |
| fixed length control field | 201210t20192019ts a|||jr|||| 000 1 ara d |
| 020 ## - INTERNATIONAL STANDARD BOOK NUMBER | |
| International Standard Book Number | 9789948243854 |
| Terms of availability | RM 29.90 |
| Qualifying information | paperback |
| 040 ## - CATALOGING SOURCE | |
| Original cataloging agency | PPAK |
| Language of cataloging | eng |
| Transcribing agency | PPAK |
| Description conventions | rda |
| 082 04 - DEWEY DECIMAL CLASSIFICATION NUMBER | |
| Edition number | 23 |
| Classification number | 892.773 |
| 090 00 - LOCALLY ASSIGNED LC-TYPE CALL NUMBER (OCLC); LOCAL CALL NUMBER (RLIN) | |
| Classification number (OCLC) (R) ; Classification number, CALL (RLIN) (NR) | 892.773 |
| Feature heading | ARA |
| Feature heading | K |
| 100 1# - MAIN ENTRY--PERSONAL NAME | |
| Personal name | Arab, Nour, |
| Relator term | author. |
| 245 10 - TITLE STATEMENT | |
| Linkage | 880-01 |
| Title | Naya Fi Mishwar = |
| Remainder of title | NAYA Let's Go! / |
| Statement of responsibility, etc. | Story by: Nour Ahmad Arab ; Art: Medo El-Aashre. |
| 246 13 - VARYING FORM OF TITLE | |
| Title proper/short title | Naya Peekaboo! |
| 264 #1 - PRODUCTION, PUBLICATION, DISTRIBUTION, MANUFACTURE, AND COPYRIGHT NOTICE | |
| Place of production, publication, distribution, manufacture | Sharjah, United Arab Emirates: |
| Name of producer, publisher, distributor, manufacturer | Nour Publishing, |
| Date of production, publication, distribution, manufacture, or copyright notice | 2019 |
| Date of production, publication, distribution, manufacture, or copyright notice | ©2019 |
| 300 ## - PHYSICAL DESCRIPTION | |
| Extent | 18 pages : |
| Other physical details | colour illustrations ; |
| Dimensions | 22 cm |
| 336 ## - CONTENT TYPE | |
| Source | rdacontent |
| Content type term | text |
| 337 ## - MEDIA TYPE | |
| Source | rdamedia |
| Media type term | unmediated |
| 338 ## - CARRIER TYPE | |
| Source | rdacarrier |
| Carrier type term | volume |
| 490 1# - SERIES STATEMENT | |
| Series statement | Naya Series ; |
| Volume/sequential designation | Story 4 |
| 546 ## - LANGUAGE NOTE | |
| Language note | Parallel English and Arabic text |
| 650 #0 - SUBJECT ADDED ENTRY--TOPICAL TERM | |
| Topical term or geographic name entry element | Arabic fiction |
| Topical term or geographic name entry element | English fiction |
| Topical term or geographic name entry element | Children's stories, English |
| Topical term or geographic name entry element | Children's stories, Arabic |
| 700 1# - ADDED ENTRY--PERSONAL NAME | |
| Personal name | El-Aashre, Medo , |
| Relator term | illustrator. |
| 830 #0 - SERIES ADDED ENTRY--UNIFORM TITLE | |
| Uniform title | Naya Series ; |
| Volume/sequential designation | Story 4 |
| 880 ## - ALTERNATE GRAPHIC REPRESENTATION | |
| Linkage | 245-01 |
| a | !نايا في مشوار |
| 942 ## - ADDED ENTRY ELEMENTS (KOHA) | |
| Source of classification or shelving scheme | Dewey Decimal Classification |
| Koha item type | Book |
| Withdrawn | Not for loan | Current library | Shelving location | Date acquired | Full call number | Barcode | Date last seen | Koha item type | Total Checkouts | Date last checked out |
|---|---|---|---|---|---|---|---|---|---|---|
| Perpustakaan Alor Setar | Pinjaman Kanak-kanak | 07/01/2021 | K 892.773 ARA | A01665564 | 07/01/2021 | Book | ||||
| Perpustakaan Kulim | Pinjaman Kanak-kanak | 07/01/2021 | K 892.773 ARA | A01665565 | 18/10/2021 | Book | 1 | 24/04/2021 | ||
| Perpustakaan Kulim | Pinjaman Kanak-kanak | 07/01/2021 | K 892.773 ARA | A01665566 | 28/12/2024 | Book | 1 | 21/12/2024 |